[Event "Lanaudiere op"]
[Site "Repentigny CAN"]
[Date "2010.04.17"]
[Round "2"]
[White "Masse, Hugues"]
[Black "Sambuev, Bator"]
[Result "0-1"]
[WhiteElo "2240"]
[BlackElo "2566"]
[PlyCount "122"]
[EventDate "2010.04.17"]
[EventType "swiss"]
[EventRounds "5"]
[EventCountry "CAN"]

1. d4 Nf6 2. c4 e6 3. Nc3 Bb4 4. Qc2 O-O 5. a3 Bxc3+ 6. Qxc3 d5 7. e3 b6 8. Bd3
Ba6 9. Ne2 Nbd7 10. b3 c5 11. Bb2 Rc8 12. Rc1 cxd4 13. exd4 dxc4 14. bxc4 Bxc4
15. Bxc4 b5 16. Qb4 bxc4 17. Rxc4 Rxc4 18. Qxc4 Qb6 19. Bc1 Qb7 20. O-O Rc8 21.
Qd3 h6 22. h3 Qe4 23. Qxe4 Nxe4 24. f3 Nef6 25. Rd1 Nb6 26. Bf4 Rc2 27. Rd2 Rc6
28. Rd3 Nfd5 29. Bb8 a6 30. Nf4 Rc1+ 31. Kf2 Rc2+ 32. Kg3 g5 33. Nxd5 Nxd5 34.
f4 gxf4+ 35. Bxf4 Rxg2+ 36. Kf3 Nxf4 37. Kxf4 Rg5 38. Rc3 Kg7 39. Ke4 Ra5 40.
Rb3 Kf6 41. Rg3 Ra4 42. Rf3+ Ke7 43. Rb3 Kd6 44. Rb6+ Kc7 45. Rb3 Kc6 46. Ke5
Ra5+ 47. Kf6 Rf5+ 48. Kg7 h5 49. Rb8 Rf3 50. Ra8 Kd5 51. Rd8+ Ke4 52. h4 Rf5
53. Rd7 Rd5 54. Ra7 Kxd4 55. Kxf7 e5 56. Rxa6 e4 57. Ra4+ Kd3 58. Ke6 Rd4 59.
Ra5 e3 60. Kf5 e2 61. Re5 Rxh4 0-1

[Event "Lanaudiere op"]
[Site "Repentigny CAN"]
[Date "2010.04.17"]
[Round "2"]
[White "Sinelnikov, Igor"]
[Black "Gulko, Andrei"]
[Result "0-1"]
[WhiteElo "2193"]
[BlackElo "2086"]
[PlyCount "72"]
[EventDate "2010.04.17"]
[EventType "swiss"]
[EventRounds "5"]
[EventCountry "CAN"]

1. e4 e5 2. Nf3 Nf6 3. Nc3 Nc6 4. g3 d5 5. exd5 Nxd5 6. Bg2 Nxc3 7. bxc3 Bd6 8.
O-O O-O 9. Rb1 Rb8 10. d4 exd4 11. cxd4 Bg4 12. h3 Bh5 13. Rb5 f5 14. Qd3 Qd7
15. Nh4 Nxd4 16. Rxb7 Ne2+ 17. Kh1 Rxb7 18. Bxb7 f4 19. g4 Bxg4 20. Be4 Bh5 21.
Bxh7+ Kh8 22. Bf5 Qe7 23. Ng6+ Bxg6 24. Bxg6 Nxc1 25. Rxc1 Qe6 26. Rg1 f3 27.
Qf1 Qe5 28. Rg3 Qe2 29. Rg1 Qe5 30. Rg3 Rf6 31. Bd3 Qh5 32. Rg4 Qe5 33. Qg1 Rh6
34. Rg3 Qe6 35. Rxf3 Rxh3+ 36. Kg2 Qg4+ 0-1

[Event "Lanaudiere op"]
[Site "Repentigny CAN"]
[Date "2010.04.17"]
[Round "3"]
[White "Bolduc, Steve"]
[Black "Larochelle, Martial"]
[Result "1/2-1/2"]
[WhiteElo "2301"]
[BlackElo "2164"]
[PlyCount "104"]
[EventDate "2010.04.17"]
[EventType "swiss"]
[EventRounds "5"]
[EventCountry "CAN"]

1. d4 Nf6 2. c4 e6 3. Nc3 Bb4 4. Nf3 O-O 5. Bg5 h6 6. Bh4 d6 7. Qc2 Qe7 8. Nd2
Nc6 9. e3 Bxc3 10. Qxc3 Re8 11. Be2 e5 12. d5 Nb8 13. f3 Nxd5 14. Bxe7 Nxc3 15.
Bxd6 cxd6 16. bxc3 Bf5 17. g4 Be6 18. Ne4 d5 19. Nd6 Re7 20. cxd5 Bxd5 21.
O-O-O Bxa2 22. c4 Bb3 23. Rd5 b6 24. Kb2 Ba4 25. Nf5 Re8 26. Ra1 Bc6 27. Rd6 a6
28. Rad1 Kh7 29. h4 g6 30. Ng3 Ra7 31. h5 Rae7 32. hxg6+ fxg6 33. Bd3 Re6 34.
Be4 Kg7 35. Rxe6 Rxe6 36. Rd8 Bxe4 37. Nxe4 Nc6 38. Rd7+ Re7 39. Rd6 Na5 40.
Kc3 Rc7 41. c5 Nb7 42. Rxb6 Nxc5 43. Nxc5 Rxc5+ 44. Kd3 a5 45. f4 exf4 46. exf4
h5 47. Rb7+ Kf6 48. Rb6+ Kf7 49. Rb7+ Kf8 50. Rb8+ Ke7 51. Rb7+ Kf6 52. Rb6+
Kf7 1/2-1/2

[Event "Lanaudiere op"]
[Site "Repentigny CAN"]
[Date "2010.04.18"]
[Round "3"]
[White "Dumont, Felix"]
[Black "Sinelnikov, Igor"]
[Result "1-0"]
[WhiteElo "1967"]
[BlackElo "2193"]
[PlyCount "120"]
[EventDate "2010.04.17"]
[EventType "swiss"]
[EventRounds "5"]
[EventCountry "CAN"]

1. d4 d6 2. c4 g6 3. Nc3 Bg7 4. Nf3 Nf6 5. e4 O-O 6. Be2 Nc6 7. O-O Bg4 8. d5
Nb8 9. Be3 c5 10. h3 Bxf3 11. Bxf3 a6 12. Be2 Nbd7 13. f4 Rb8 14. Qc2 Ne8 15.
a3 Nc7 16. b4 b5 17. Rab1 cxb4 18. Rxb4 a5 19. Rbb1 b4 20. axb4 axb4 21. Nb5
Nxb5 22. cxb5 Qa5 23. Bd2 Rfc8 24. Qb3 Bc3 25. Bxc3 bxc3 26. Rbc1 Qb6+ 27. Kh1
Qe3 28. Qc2 Nf6 29. Bd3 Nh5 30. Rf3 Qd2 31. Rf2 Qe3 32. Rf3 Qd4 33. Be2 Rc5 34.
Rd3 Qf6 35. Bxh5 gxh5 36. Rg3+ Kh8 37. Rxc3 Rbxb5 38. Rxc5 Rxc5 39. Qd2 Rb5 40.
Qc3 Kg7 41. Kg1 Qxc3 42. Rxc3 f5 43. Re3 Kf7 44. exf5 Rxd5 45. g4 hxg4 46. hxg4
h5 47. Kg2 hxg4 48. Kg3 Rxf5 49. Kxg4 Rf6 50. Kf3 e5 51. Re4 Ke6 52. Ke3 Rxf4
53. Rxf4 exf4+ 54. Kxf4 Kd5 55. Ke3 Kc4 56. Kd2 Kd4 57. Ke2 Kc3 58. Kd1 d5 59.
Kc1 Kd3 60. Kd1 d4 1-0

[Event "Lanaudiere op"]
[Site "Repentigny CAN"]
[Date "2010.04.17"]
[Round "3"]
[White "Gulko, Andrei"]
[Black "Masse, Hugues"]
[Result "1/2-1/2"]
[WhiteElo "2086"]
[BlackElo "2240"]
[PlyCount "193"]
[EventDate "2010.04.17"]
[EventType "swiss"]
[EventRounds "5"]
[EventCountry "CAN"]

1. d4 Nf6 2. Bg5 Ne4 3. Bf4 c5 4. f3 Qa5+ 5. c3 Nf6 6. d5 Qb6 7. e4 Qxb2 8. Nd2
Qxc3 9. Bc7 Qe3+ 10. Ne2 d6 11. Nc4 Qh6 12. Bxb8 b5 13. Bc7 bxc4 14. Ba5 g6 15.
Bd2 Qg7 16. Nc3 a6 17. Bxc4 Nd7 18. Rb1 Qd4 19. Qa4 Bh6 20. Bxh6 Qxc3+ 21. Ke2
Kd8 22. Bd2 Qd4 23. Qa5+ Ke8 24. Bb5 f6 25. Bc3 axb5 26. Qxa8 Qc4+ 27. Kf2 Kf7
28. Rhc1 Qd3 29. Qa7 b4 30. Ba1 Rd8 31. Kg1 Ba6 32. Kh1 Qb5 33. Qc7 Rc8 34. a4
Qxa4 35. Qa7 Qb5 36. Bb2 Qb7 37. Qxb7 Bxb7 38. Bc3 Ke8 39. f4 Ra8 40. Be1 Kd8
41. Kg1 Ra2 42. Ra1 Rxa1 43. Rxa1 Kc7 44. g4 Kb6 45. Kf2 Ba6 46. Ke3 Kb5 47. h4
Nb6 48. Kd2 Nc4+ 49. Kc1 Ne3 50. g5 Kb6 51. Bf2 Nc4 52. Rb1 Kb5 53. Bg3 Bc8 54.
Ra1 Na5 55. Rb1 Nc4 56. Ra1 Ne3 57. gxf6 exf6 58. e5 fxe5 59. fxe5 dxe5 60.
Bxe5 Kc4 61. d6 Kd5 62. Bb2 Nc4 63. Ra7 Kxd6 64. Rxh7 Bg4 65. Bg7 Kd5 66. Rh6
Bh5 67. Rh8 Ne3 68. Rd8+ Kc6 69. Rc8+ Kb5 70. Bf8 Nf5 71. Rxc5+ Kb6 72. Rc4 b3
73. Kb2 Bd1 74. Rf4 Bc2 75. Rg4 Ne3 76. Rb4+ Kc6 77. Bg7 Kd5 78. Kc1 Nf5 79.
Bf6 Ne3 80. Rd4+ Ke6 81. Bg5 Nd5 82. Bd2 Nf6 83. Rb4 Nd5 84. Rb5 Nc7 85. Rc5
Nd5 86. Rb5 Nf6 87. Bf4 Ne4 88. Re5+ Kf6 89. Rb5 Nf2 90. Be5+ Ke6 91. Kd2 Ne4+
92. Ke3 Nd6 93. Bxd6 Kxd6 94. Kd2 Ke6 95. Kc3 Kf6 96. Rg5 Bd1 97. Kb2 1/2-1/2

[Event "Lanaudiere op"]
[Site "Repentigny CAN"]
[Date "2010.04.18"]
[Round "3"]
[White "Larochelle, Martial"]
[Black "Sinelnikov, Igor"]
[Result "1-0"]
[WhiteElo "2164"]
[BlackElo "2193"]
[PlyCount "57"]
[EventDate "2010.04.17"]
[EventType "swiss"]
[EventRounds "5"]
[EventCountry "CAN"]

1. e4 d6 2. d4 g6 3. Nc3 Bg7 4. f4 Nf6 5. Nf3 O-O 6. Bd3 Bg4 7. h3 Bxf3 8. Qxf3
Nc6 9. Be3 e5 10. dxe5 dxe5 11. f5 Nd4 12. Qf2 c5 13. g4 gxf5 14. gxf5 Kh8 15.
Rg1 Rg8 16. O-O-O Qe8 17. Rg2 b5 18. Nd5 Nxd5 19. exd5 f6 20. Be4 b4 21. d6 Rd8
22. Bd5 Rxd6 23. Bxg8 Qxg8 24. Kb1 Ra6 25. b3 Nb5 26. Bd2 Rd6 27. Rdg1 Rd7 28.
Qxc5 Qd8 29. Qxb5 1-0

[Event "Lanaudiere op"]
[Site "Repentigny CAN"]
[Date "2010.04.18"]
[Round "3"]
[White "Sambuev, Bator"]
[Black "Poulin, Mathieu"]
[Result "1-0"]
[WhiteElo "2566"]
[BlackElo "1928"]
[PlyCount "55"]
[EventDate "2010.04.17"]
[EventType "swiss"]
[EventRounds "5"]
[EventCountry "CAN"]

1. d4 Nf6 2. c4 e6 3. Nc3 Bb4 4. e3 c5 5. Nf3 O-O 6. Bd3 b6 7. O-O Bb7 8. Qe2
Bxc3 9. bxc3 Qc7 10. e4 d6 11. d5 e5 12. Nh4 Kh8 13. f4 Nbd7 14. f5 Rfb8 15. g4
h6 16. g5 hxg5 17. Bxg5 Kg8 18. Kh1 Kf8 19. Ng6+ Ke8 20. Qg2 Nf8 21. Nxf8 Kxf8
22. Bh4 Nh5 23. Be2 Nf4 24. Rxf4 exf4 25. f6 g6 26. Qg5 Qd8 27. Qh6+ Ke8 28.
Bg4 1-0

[Event "Lanaudiere op"]
[Site "Repentigny CAN"]
[Date "2010.04.18"]
[Round "4"]
[White "Dumont, Felix"]
[Black "Bolduc, Steve"]
[Result "1/2-1/2"]
[WhiteElo "1967"]
[BlackElo "2301"]
[PlyCount "70"]
[EventDate "2010.04.17"]
[EventType "swiss"]
[EventRounds "5"]
[EventCountry "CAN"]

1. e4 d6 2. c4 c5 3. Nf3 Bg4 4. Be2 Nc6 5. d3 g6 6. Bd2 Bg7 7. Bc3 Nf6 8. Nbd2
O-O 9. O-O e6 10. h3 Bxf3 11. Nxf3 Qd7 12. Qc2 a6 13. Rfe1 e5 14. a3 Nh5 15. b4
Nf4 16. Rab1 f5 17. bxc5 dxc5 18. Qb2 Rfc8 19. Qxb7 Nxe2+ 20. Rxe2 Qxd3 21. Re3
Qd6 22. Rb6 Rab8 23. Qxa6 Rxb6 24. Qxb6 Rb8 25. Qa6 Rb1+ 26. Ne1 f4 27. Re2 f3
28. gxf3 h6 29. a4 Qd3 30. Re3 Qd7 31. Kg2 Kh7 32. Nd3 Rd1 33. Nb2 Rc1 34. Nd3
Rd1 35. Nb2 Rb1 1/2-1/2

[Event "Lanaudiere op"]
[Site "Repentigny CAN"]
[Date "2010.04.18"]
[Round "4"]
[White "Gulko, Andrei"]
[Black "Sambuev, Bator"]
[Result "1/2-1/2"]
[WhiteElo "2086"]
[BlackElo "2559"]
[PlyCount "26"]
[EventDate "2010.04.17"]
[EventType "swiss"]
[EventRounds "5"]
[EventCountry "CAN"]

1. d4 Nf6 2. Bg5 e6 3. Nf3 c5 4. e3 d5 5. Nbd2 Nbd7 6. c3 Be7 7. Bd3 b6 8. O-O
Bb7 9. Qe2 Ne4 10. Bxe7 Qxe7 11. Ba6 Bxa6 12. Qxa6 Nxd2 13. Nxd2 O-O 1/2-1/2

[Event "Lanaudiere op"]
[Site "Repentigny CAN"]
[Date "2010.04.18"]
[Round "4"]
[White "Poulin, Mathieu"]
[Black "Masse, Hugues"]
[Result "0-1"]
[WhiteElo "1928"]
[BlackElo "2240"]
[PlyCount "40"]
[EventDate "2010.04.17"]
[EventType "swiss"]
[EventRounds "5"]
[EventCountry "CAN"]

1. d4 Nf6 2. c4 g6 3. Nc3 Bg7 4. e4 d6 5. f3 O-O 6. Be3 c5 7. dxc5 dxc5 8. Qxd8
Rxd8 9. Bxc5 Nc6 10. Nge2 b6 11. Be3 Nb4 12. Rc1 Nd3+ 13. Kd2 Nf2+ 14. Kc2 Nxh1
15. g3 Nxg3 16. Nxg3 Bb7 17. Bh3 e6 18. Nb5 Nxe4 19. Nxa7 Nc5 20. b4 Rxa7 0-1

[Event "Lanaudiere op"]
[Site "Repentigny CAN"]
[Date "2010.04.18"]
[Round "5"]
[White "Poulin, Mathieu"]
[Black "Gulko, Andrei"]
[Result "0-1"]
[WhiteElo "1928"]
[BlackElo "2086"]
[PlyCount "84"]
[EventDate "2010.04.17"]
[EventType "swiss"]
[EventRounds "5"]
[EventCountry "CAN"]

1. d4 Nf6 2. c4 e5 3. dxe5 Ng4 4. Nf3 Bc5 5. e3 Nc6 6. Bd2 a5 7. Bc3 Qe7 8. Qd2
a4 9. Na3 Bxa3 10. bxa3 O-O 11. Qb2 Re8 12. Be2 Ngxe5 13. O-O f6 14. Rae1 d6
15. Nd4 Na5 16. Bxa5 Rxa5 17. f4 Nd7 18. Bf3 Nb6 19. Nb5 Be6 20. Qb4 Nxc4 21.
Bxb7 c5 22. Qc3 Rxb5 23. Bc6 Rb6 24. Bxe8 Qxe8 25. e4 Bf7 26. Rf2 Qa8 27. Qd3
Qb8 28. Rc2 Rb1 29. Rec1 Na5 30. Qd1 Rxc1 31. Qxc1 c4 32. Rb2 Qa7+ 33. Kh1 h6
34. h3 Qd4 35. Rb8+ Kh7 36. Rf8 Bh5 37. Kh2 Qxe4 38. g4 Be8 39. Qd2 Bc6 40. f5
c3 41. Qf2 c2 42. Rf7 Qe5+ 0-1

[Event "Lanaudiere op"]
[Site "Repentigny CAN"]
[Date "2010.04.18"]
[Round "5"]
[White "Sinelnikov, Igor"]
[Black "Sambuev, Bator"]
[Result "0-1"]
[WhiteElo "2193"]
[BlackElo "2559"]
[PlyCount "42"]
[EventDate "2010.04.17"]
[EventType "swiss"]
[EventRounds "5"]
[EventCountry "CAN"]

1. e4 e6 2. d4 d5 3. Nd2 c5 4. exd5 exd5 5. dxc5 Bxc5 6. Nb3 Bb6 7. Bb5+ Nc6 8.
Qf3 Nge7 9. Bg5 f6 10. Bd2 O-O 11. O-O-O Ne5 12. Qe2 Bf5 13. Bb4 Rc8 14. Rd2 a6
15. f4 N5g6 16. Bd3 Nxf4 17. Qxe7 Nxd3+ 18. Rxd3 Qxe7 19. Bxe7 Bxd3 20. Bxf8
Rxc2+ 21. Kd1 Kxf8 0-1

[Event "Lanaudiere op U1600"]
[Site "Repentigny CAN"]
[Date "2010.04.17"]
[Round "1"]
[White "Lepine, Yannick"]
[Black "Koulenovitch, Sacha"]
[Result "1-0"]
[WhiteElo "1432"]
[BlackElo "1319"]
[PlyCount "86"]
[EventDate "2010.04.17"]
[EventType "swiss"]
[EventRounds "5"]
[EventCountry "CAN"]

1. e4 c5 2. Nc3 d6 3. g3 g6 4. Bg2 Bg7 5. d3 Nc6 6. Nge2 f5 7. Be3 Nf6 8. Rb1
fxe4 9. Nxe4 Nxe4 10. Bxe4 Bh3 11. Nf4 Bd7 12. Bd5 Qc8 13. O-O Ne5 14. f3 e6
15. Bb3 b5 16. a3 d5 17. c3 O-O 18. d4 c4 19. Bc2 Nc6 20. Ng2 Ne7 21. Bf4 Qc6
22. Be5 Rf7 23. f4 Raf8 24. Qg4 Nf5 25. Rbe1 Bxe5 26. fxe5 Nh6 27. Qg5 Rxf1+
28. Rxf1 Rxf1+ 29. Kxf1 Kg7 30. Nf4 Nf5 31. Nh5+ Kf8 32. Nf6 Kg7 33. g4 Ne7 34.
Nh5+ Kf8 35. Qf6+ Ke8 36. Ng7+ Kd8 37. Qf8+ Be8 38. Qh8 Qd7 39. Qxh7 Kc7 40.
Nxe8+ Qxe8 41. Qg7 Kd7 42. Kg2 a5 43. h4 b4 1-0

[Event "Lanaudiere op U1600"]
[Site "Repentigny CAN"]
[Date "2010.04.17"]
[Round "3"]
[White "Lepine, Yannick"]
[Black "Senecal, Jean-Pierre"]
[Result "1-0"]
[WhiteElo "1432"]
[BlackElo "1319"]
[PlyCount "101"]
[EventDate "2010.04.17"]
[EventType "swiss"]
[EventRounds "5"]
[EventCountry "CAN"]

1. e4 e5 2. Nf3 d6 3. d4 exd4 4. Nxd4 Nf6 5. Nc3 a6 6. Bd3 Be7 7. O-O O-O 8. f4
c5 9. Nf3 Nc6 10. a3 b5 11. Nd5 c4 12. Nxf6+ Bxf6 13. Be2 Qb6+ 14. Kh1 Be7 15.
h3 Rd8 16. Ng1 Bb7 17. c3 Bf6 18. Bf3 Ne7 19. Qe1 Ng6 20. Be3 Qc7 21. g3 Re8
22. Bd4 Bd8 23. Qb1 Qd7 24. Qc2 Ne7 25. Rae1 d5 26. e5 Nf5 27. Kh2 Qc6 28. Qxf5
Re6 29. Ne2 Be7 30. Bf2 Rf8 31. Nd4 Qd7 32. Nxe6 fxe6 33. Qg4 Bc8 34. Bd1 a5
35. Bc2 g6 36. Bd4 b4 37. axb4 axb4 38. Ra1 bxc3 39. bxc3 Qb5 40. Rfb1 Qe8 41.
Rb8 Qf7 42. Ra7 Re8 43. Ba4 Bd7 44. Rxe8+ Bxe8 45. Bxe8 Qxe8 46. Qxe6+ Kf8 47.
f5 gxf5 48. Qxf5+ Kg8 49. Qg4+ Kf8 50. e6 Qg6 51. Ra8+ 1-0

[Event "Lanaudiere op U2000"]
[Site "Repentigny CAN"]
[Date "2010.04.17"]
[Round "1"]
[White "Cvetkovic, Simeon"]
[Black "Boyer, Eric"]
[Result "0-1"]
[WhiteElo "1945"]
[BlackElo "1697"]
[PlyCount "70"]
[EventDate "2010.04.17"]
[EventType "swiss"]
[EventRounds "5"]
[EventCountry "CAN"]

1. b3 e5 2. Bb2 Nc6 3. e3 Nf6 4. c4 d5 5. cxd5 Nxd5 6. a3 Bd6 7. Qc2 a6 8. Nf3
Qe7 9. d3 Be6 10. Nbd2 Nf6 11. Nc4 Bd7 12. Be2 b5 13. Nxd6+ cxd6 14. O-O Rc8
15. Qd2 d5 16. Rfd1 O-O 17. b4 Rfd8 18. Rac1 e4 19. Nd4 Ne5 20. Nb3 exd3 21.
Bxd3 Nc4 22. Bxc4 dxc4 23. Nd4 Ne4 24. Qe2 Nf6 25. h3 Bc6 26. Nxc6 Rxc6 27. Bd4
Rcd6 28. Qa2 Ne4 29. Re1 Rg6 30. Kh1 Qg5 31. Rg1 Qf5 32. Rcf1 Rh6 33. Kh2 Ng5
34. Rh1 Rxh3+ 35. Kg1 Nf3+ 0-1

[Event "Lanaudiere op U2000"]
[Site "Repentigny CAN"]
[Date "2010.04.17"]
[Round "1"]
[White "Giroux, Robert"]
[Black "Gagnon, Serge"]
[Result "0-1"]
[WhiteElo "1801"]
[BlackElo "1969"]
[PlyCount "84"]
[EventDate "2010.04.17"]
[EventType "swiss"]
[EventRounds "5"]
[EventCountry "CAN"]

1. e4 d6 2. d4 Nf6 3. Nc3 g6 4. Nf3 Bg7 5. h3 O-O 6. Be3 c6 7. a4 Qc7 8. Be2
Nbd7 9. Nd2 e5 10. dxe5 dxe5 11. Nc4 Rd8 12. Qd6 Qxd6 13. Nxd6 Nf8 14. Nxc8
Rdxc8 15. Rd1 Ne6 16. Bf3 Bf8 17. O-O Bc5 18. Bxc5 Nxc5 19. b4 Ne6 20. Ne2 Ng5
21. Ng3 Rd8 22. Rfe1 Nxf3+ 23. gxf3 Kf8 24. Kf1 Ke7 25. Ke2 h5 26. h4 b6 27.
Rxd8 Rxd8 28. Rd1 Rxd1 29. Kxd1 Ne8 30. f4 exf4 31. Ne2 Nd6 32. f3 Nc4 33. b5
cxb5 34. axb5 Ne3+ 35. Kd2 Ng2 36. Nd4 Nxh4 37. Ke2 Ng2 38. Nc6+ Kd6 39. e5+
Kc7 40. Nxa7 Ne3 41. c3 Nd5 42. c4 Nb4 0-1

[Event "Laplante-Dubreuil m"]
[Site "Chambly CAN"]
[Date "2010.11.21"]
[Round "1"]
[White "Dubreuil, Raymond"]
[Black "Laplante, Germain"]
[Result "1-0"]
[WhiteElo "1514"]
[BlackElo "1354"]
[PlyCount "43"]
[EventDate "2010.11.24"]
[EventType "match"]
[EventRounds "10"]
[EventCountry "CAN"]

1. e4 c6 2. d4 d5 3. e5 Bf5 4. c4 Bxb1 5. Rxb1 Qa5+ 6. Bd2 Qxa2 7. b3 e6 8. Bc3
Qa3 9. c5 Bxc5 10. Ra1 Qxa1 11. Qxa1 Bb6 12. Nf3 Ne7 13. Qa3 Nd7 14. Bd3 Ng6
15. g3 O-O-O 16. O-O Nb8 17. Ba5 Bxa5 18. Qxa5 a6 19. Ng5 Rdf8 20. f4 h6 21.
Nxe6 Nxe5 22. Qc7# 1-0

[Event "Laplante-Dubreuil m"]
[Site "Chambly CAN"]
[Date "2010.11.24"]
[Round "2"]
[White "Laplante, Germain"]
[Black "Dubreuil, Raymond"]
[Result "0-1"]
[WhiteElo "1354"]
[BlackElo "1514"]
[PlyCount "88"]
[EventDate "2010.11.24"]
[EventType "match"]
[EventRounds "10"]
[EventCountry "CAN"]

1. d4 Nf6 2. Bf4 g6 3. h3 Bg7 4. e3 d5 5. Nd2 c5 6. c3 Nc6 7. dxc5 Qa5 8. Nb3
Qa4 9. Be2 e5 10. Bg5 Be6 11. Nf3 Ne4 12. O-O O-O 13. Bd3 Nxg5 14. Nxg5 e4 15.
Nxe6 fxe6 16. Bc2 Ne5 17. Nd4 Qe8 18. Ba4 Qe7 19. f4 exf3 20. Nxf3 Qxc5 21. Nd4
Rxf1+ 22. Qxf1 Qb6 23. Qb5 Nc4 24. Qxb6 Nxb6 25. Bb3 Kf7 26. Rf1+ Ke7 27. a4
Bh6 28. Rf3 e5 29. a5 exd4 30. axb6 Bxe3+ 31. Rxe3+ dxe3 32. Bxd5 axb6 33. Kf1
Rf8+ 34. Ke2 Rf2+ 35. Kxe3 Rxb2 36. Bxb7 b5 37. Kd4 b4 38. Bd5 b3 39. Kc4 Rb1
40. Be4 Re1 41. Kxb3 Rxe4 42. c4 Kd6 43. Kb4 Kc6 44. g4 g5 0-1

[Event "Laplante-Dubreuil m"]
[Site "Chambly CAN"]
[Date "2010.11.28"]
[Round "3"]
[White "Dubreuil, Raymond"]
[Black "Laplante, Germain"]
[Result "1/2-1/2"]
[WhiteElo "1514"]
[BlackElo "1374"]
[PlyCount "138"]
[EventDate "2010.11.24"]
[EventType "match"]
[EventRounds "10"]
[EventCountry "CAN"]

1. e4 c6 2. d4 d5 3. Nc3 dxe4 4. Nxe4 Bf5 5. Ng3 Bg6 6. Nf3 Nf6 7. Bd3 Bxd3 8.
Qxd3 e6 9. Bg5 Nbd7 10. Qb3 Qb6 11. O-O Qxb3 12. axb3 Be7 13. c4 h6 14. Be3 O-O
15. h3 b6 16. Rfd1 c5 17. Ne5 cxd4 18. Bxd4 Nxe5 19. Bxe5 Rfd8 20. Rxd8+ Bxd8
21. Ne2 Nd7 22. Bd6 Nc5 23. Nd4 Bf6 24. Bxc5 bxc5 25. Nc6 Bxb2 26. Rxa7 Rxa7
27. Nxa7 Bc3 28. Nb5 Bb4 29. Kf1 Kf8 30. Na7 Ke8 31. Nc6 Kd7 32. Ne5+ Ke7 33.
Ke2 f6 34. Nc6+ Kd6 35. Nxb4 cxb4 36. Kd3 Kc5 37. f4 g5 38. g3 gxf4 39. gxf4 f5
40. h4 h5 41. Ke3 Kc6 42. Kd4 Kd6 43. c5+ Kc6 44. Ke5 Kxc5 45. Kxe6 Kd4 46.
Kxf5 Kc3 47. Kg6 Kxb3 48. f5 Ka2 49. f6 b3 50. f7 b2 51. f8=Q b1=Q+ 52. Kxh5
Qb5+ 53. Kg4 Qe2+ 54. Qf3 Qc4+ 55. Kh3 Qc8+ 56. Kg2 Qg8+ 57. Kh2 Qb8+ 58. Qg3
Qh8 59. Qg2+ Kb3 60. Qg3+ Kc4 61. Qg5 Qb8+ 62. Kh3 Qb3+ 63. Qg3 Qxg3+ 64. Kxg3
Kd5 65. Kg4 Ke6 66. Kg5 Kf7 67. Kh6 Kg8 68. Kg6 Kh8 69. h5 Kg8 1/2-1/2

[Event "Laplante-Dubreuil m"]
[Site "Chambly CAN"]
[Date "2010.12.08"]
[Round "4"]
[White "Laplante, Germain"]
[Black "Dubreuil, Raymond"]
[Result "1/2-1/2"]
[WhiteElo "1354"]
[BlackElo "1514"]
[PlyCount "82"]
[EventDate "2010.11.24"]
[EventType "match"]
[EventRounds "10"]
[EventCountry "CAN"]

1. d4 Nf6 2. Bf4 g6 3. h3 c5 4. e3 Nc6 5. c3 d5 6. Bb5 cxd4 7. exd4 Bg7 8. Nf3
O-O 9. Bxc6 bxc6 10. O-O Ba6 11. Re1 e6 12. Nbd2 Bd3 13. Ne5 Bb5 14. a4 Nh5 15.
Bh2 Bxe5 16. Bxe5 Ba6 17. b4 Qg5 18. Nf3 Qh6 19. Qd2 Qxd2 20. Nxd2 f6 21. Bd6
Rfe8 22. Nb3 Rad8 23. Bc7 Rc8 24. Ba5 e5 25. Nc5 Bc4 26. dxe5 fxe5 27. Nd7 e4
28. g4 Re7 29. gxh5 Rxd7 30. hxg6 Rg7 31. Re3 Rf8 32. Rg3 Rxg6 33. Rxg6+ hxg6
34. Re1 Rf3 35. Re3 Rxe3 36. fxe3 a6 37. Bb6 Kf7 38. Bd4 Ke6 39. Kf2 Kf5 40.
Kg3 g5 41. a5 Bd3 1/2-1/2

[Event "Laplante-Dubreuil m"]
[Site "Chambly CAN"]
[Date "2010.12.15"]
[Round "5"]
[White "Dubreuil, Raymond"]
[Black "Laplante, Germain"]
[Result "1-0"]
[WhiteElo "1514"]
[BlackElo "1354"]
[PlyCount "111"]
[EventDate "2010.11.24"]
[EventType "match"]
[EventRounds "10"]
[EventCountry "CAN"]

1. e4 c6 2. d4 d5 3. Nc3 Qa5 4. Bd2 Qb4 5. Nge2 Qd6 6. Bf4 Qg6 7. exd5 Nf6 8.
dxc6 Nxc6 9. Ng3 Bf5 10. Nxf5 Qxf5 11. Be3 e6 12. Bd3 Qg5 13. O-O Be7 14. h3
Qh4 15. Qf3 O-O 16. a3 Bd6 17. Nb5 Bb8 18. Nc3 h5 19. Rad1 Ng4 20. Qe4 g6 21.
Bf4 Nf6 22. Bg3 Qxg3 23. fxg3 Nxe4 24. Bxe4 Bxg3 25. Bxc6 bxc6 26. Ne4 Bc7 27.
Nf6+ Kg7 28. Nd7 Rfd8 29. Nc5 Bb6 30. b4 Bxc5 31. dxc5 Rd5 32. c4 Rdd8 33. Rd6
Rxd6 34. cxd6 Rd8 35. c5 Rd7 36. Rb1 Kf6 37. b5 cxb5 38. Rxb5 e5 39. Kf2 Ke6
40. Ke3 Kd5 41. a4 f5 42. g3 g5 43. c6+ Kxc6 44. Rxe5 Rxd6 45. Rxf5 Rd5 46. Ke4
Rc5 47. Rxc5+ Kxc5 48. Kf5 h4 49. g4 a5 50. Kxg5 Kb4 51. Kxh4 Kxa4 52. g5 Kb4
53. g6 a4 54. g7 a3 55. g8=Q Kc3 56. Qa2 1-0

[Event "Laplante-Dubreuil m"]
[Site "Chambly CAN"]
[Date "2010.12.19"]
[Round "6"]
[White "Laplante, Germain"]
[Black "Dubreuil, Raymond"]
[Result "1/2-1/2"]
[WhiteElo "1354"]
[BlackElo "1514"]
[PlyCount "87"]
[EventDate "2010.11.24"]
[EventType "match"]
[EventRounds "10"]
[EventCountry "CAN"]

1. d4 Nf6 2. Bf4 g6 3. h3 d5 4. Nf3 c5 5. c3 cxd4 6. Bxb8 Rxb8 7. Qxd4 b6 8.
Ne5 Bb7 9. e3 a6 10. Bxa6 Bxa6 11. Nc6 Qc7 12. Nxb8 Qxb8 13. Qa4+ b5 14. Qxa6
e6 15. Qc6+ Nd7 16. O-O Bd6 17. g3 Bxg3 18. f4 Bh4 19. Na3 Ke7 20. Qxb5 Qa7 21.
Qb4+ Qc5 22. Qxc5+ Nxc5 23. Rfd1 Rb8 24. b3 Ne4 25. c4 Bf2+ 26. Kg2 Bxe3 27.
cxd5 Bc5 28. Nc4 Nc3 29. d6+ Kd7 30. Rd3 Nd5 31. Rad1 Nxf4+ 32. Kf3 Nxd3 33.
Rxd3 f6 34. a4 e5 35. Ke4 Bd4 36. Kd5 Rb4 37. Rf3 f5 38. Nxe5+ Bxe5 39. Kxe5
Re4+ 40. Kd5 Re6 41. Rd3 Rxd6+ 42. Kc4 Rxd3 43. Kxd3 Kd6 44. Ke3 1/2-1/2

[Event "Laplante-Dubreuil m"]
[Site "Chambly CAN"]
[Date "2010.12.26"]
[Round "7"]
[White "Dubreuil, Raymond"]
[Black "Laplante, Germain"]
[Result "0-1"]
[WhiteElo "1514"]
[BlackElo "1354"]
[PlyCount "92"]
[EventDate "2010.11.24"]
[EventType "match"]
[EventRounds "10"]
[EventCountry "CAN"]

1. d4 c6 2. c4 d5 3. Nc3 Bf5 4. Nf3 e6 5. e3 Bb4 6. Bd2 Bxc3 7. Bxc3 h6 8. Bd3
Bxd3 9. Qxd3 Nf6 10. O-O O-O 11. Rac1 dxc4 12. Qxc4 Ne4 13. Bb4 Re8 14. Qc2 Qd5
15. a3 a5 16. Be1 Nd7 17. Nd2 Ndf6 18. Nc4 Ra6 19. f3 Nd6 20. Nxd6 Qxd6 21. Bf2
Nd5 22. e4 Nf4 23. e5 Qd5 24. Qe4 Qxe4 25. fxe4 Ne2+ 26. Kh1 Nxc1 27. Rxc1 Rd8
28. Rc5 b5 29. h3 a4 30. g4 Kf8 31. Kg2 g5 32. Kf3 Ke7 33. Ke3 Rf8 34. Be1 f6
35. Bb4 Kd7 36. Rxb5 cxb5 37. Bxf8 fxe5 38. Bxh6 exd4+ 39. Kxd4 e5+ 40. Kxe5
Rxh6 41. Kf5 Rxh3 42. Kxg5 Ke6 43. Kg6 Ke5 44. g5 Kxe4 45. Kg7 Kd4 46. g6 Kc4
0-1

[Event "Laplante-Dubreuil m"]
[Site "Chambly CAN"]
[Date "2011.01.02"]
[Round "8"]
[White "Laplante, Germain"]
[Black "Dubreuil, Raymond"]
[Result "1-0"]
[WhiteElo "1354"]
[BlackElo "1514"]
[PlyCount "107"]
[EventDate "2010.11.24"]
[EventType "match"]
[EventRounds "10"]
[EventCountry "CAN"]

1. d4 f5 2. Bf4 Nf6 3. e3 e6 4. Be2 Be7 5. h3 O-O 6. Nf3 d6 7. O-O Nbd7 8. Re1
Qe8 9. Bc4 Nb6 10. Bb3 Kh8 11. Nbd2 Bd7 12. c4 c5 13. a4 a5 14. Bc2 h6 15. b3
Qf7 16. Nf1 Bc6 17. dxc5 dxc5 18. Bc7 Nbd7 19. Bd6 Ne4 20. Bxe7 Qxe7 21. Bxe4
Bxe4 22. N3d2 Bc6 23. Qh5 Nf6 24. Qh4 Qf7 25. Rad1 Rad8 26. Ng3 Rd3 27. Nf3
Rxd1 28. Rxd1 Bxf3 29. gxf3 Qg6 30. Qf4 Nh5 31. Qd6 f4 32. Qxf8+ Kh7 33. exf4
Nxg3 34. Kh2 Ne2 35. Re1 Nd4 36. Re3 Nc2 37. Qxc5 Nxe3 38. Qxe3 Qf5 39. Qe4 b6
40. Kg1 h5 41. Kf1 Kh6 42. Qxf5 exf5 43. Ke2 Kg6 44. Kd3 Kf6 45. Kd4 Ke6 46. c5
Kd7 47. cxb6 Kc6 48. Ke5 g6 49. Kf6 Kxb6 50. Kxg6 Kc5 51. Kxf5 Kb4 52. Kg5 Kxb3
53. f5 Kxa4 54. f6 1-0